№ 2 (96); Speak Out

Bibliographic Details
Parent link:Speak Out: журнал для изучающих английский язык. № 2 (96).— , 1996-
Language:English
Russian
Published: 2013
Format: Book
KOHA link:https://koha.lib.tpu.ru/cgi-bin/koha/opac-detail.pl?biblionumber=524830

MARC

LEADER 00000nam2a2200000 4500
001 524830
005 20231101111314.0
035 |a (RuTPU)RU\TPU\prd\207180 
090 |a 524830 
100 |a 20131206a19969999m y0rusy50 ca 
101 0 |a eng  |a rus 
102 |a RU 
200 0 |a № 2 (96) 
210 |d 2013 
461 1 |0 (RuTPU)RU\TPU\prd\107  |t Speak Out  |o журнал для изучающих английский язык  |v № 2 (96)  |d 1996- 
801 0 |a RU  |b 63413507  |c 20010227  |g PSBO 
801 1 |a RU  |b 63413507  |c 20131206 
801 2 |a RU  |b 63413507  |c 20131206  |g RCR 
942 |c BK 
999 |a НТБ_ТПУ  |b ЧЗИЛ  |e -1/20130109  |p П-9198  |s 5/20121010  |u 0,00  |v 1  |y 13821000677739